00570nam a22001817a 4500999001900000003000500019038001100024082001700035100003200052245004300084260004200127300001300169500001500182880004100197880004300238942001200281952009500293 c523892d523892NUST awaseem a891.439bSAL aSaleemi, Akhtar Raza914712 aSahmai Adabiyat /cAkhtar Raza Saleemi aIslamabad :bAcademy Adabiyat, cN.D. a348 p. ; aPaperback. 6100-02\raاختر رضا سلیمی 6245-02\raسہ ماہی ادبیات / 2ddccBK 00102ddc4070aCLbCLd2019-06-10l0o891.439 SALpCL-E-1935r2019-06-10w2019-06-10yBK